Missing Word: Christian Bale Movies Quiz Stats

Quiz Updated Sep 30, 2016

Challenge
Share
Tweet
Embed
Score 0/12 Timer 02:00
1 Play Today
Christian Bale Movie Missing Word % Correct
The _____ KnightDark
95.6%
_________ PsychoAmerican
86.2%
Batman _______Begins
84.2%
3:10 to _____Yuma
79.7%
Empire of the ___Sun
58.8%
Public _______Enemies
54%
__________ SalvationTerminator
44.9%
_______ Corelli's MandolinCaptain
43%
Reign of _____Fire
39%
The Portrait of a ____Lady
16.4%
_______ DawnRescue
10.5%
_______ CanyonLaurel
8.7%

Today's Daily Dose

Missing Word
Brians

On This Day
January 17th

You're not logged in!

Compare scores with friends on all Sporcle quizzes.
Sign Up with Email
OR
Log In

You Might Also Like...

Show Comments

Extras

Top Quizzes Today


Score Distribution

Your Account Isn't Verified!

In order to create a playlist on Sporcle, you need to verify the email address you used during registration. Go to your Sporcle Settings to finish the process.